00494nmm a2200157Ia 4500008004100000020001800041041000800059100003800067245005500105264006000160300001800220650002300238856005100261942000700312999001700319251105s9999||||xx |||||||||||||||||und|| a9789587846355 aspa aChaparro Rodríguez, Juan Carlos 0aEl mundo moderno y la comprensión de la historia a[Bogotá, Colombia] :bUniversidad del Rosario, c2021 a234 páginas aPhilosophy, Ethics uhttps://public.digitaliapublishing.com/a/83072 cCF c96449d96449